LEADER 02153nam0-2200349---450 001 9910369060203321 005 20250701113126.0 012 $aV.R. t.m. e.e. 2.&a (3) 1784 (R)$2fei$5IT-NA0338: h I 20 100 $a20200204g17841785km-y0itay50------ba 101 0 $alat 102 $aFR 140 $aa-----------------bb0------- 200 1 $aStirpes novæ aut minus cognitæ, quas descriptionibus et iconibus illustravit Carolus-Ludovicus L'Heritier, dom. de Brutelle ... 210 $aParisiis$cex typographia Philippi-Dionysii Pierres, regis Typograph ordinarii, viâ San-Jacobæâ$d1784-1785 215 $a6 fasc. ([2], vj, 20 p, X c. di tav. ; [3], viii p., P. 21-40, C. di tav. XI-XX; [3] p., P. X, 41-62 C. di tav. XXI-XXX B ; [2] p., P. xj-xij, 63-102, C. di tav. XXXI-XLVIII ; [2] p., P. xiij-xiv, 103-134, C. di tav. XLIX-LXIV ; [2] p., P. xv-xvj, 135-184, C. di tav. LXV-LXXXIV)$cill.$datl. 300 $aLa maggior parte delle tav. è di Pierre Joseph Redouté 300 $aPaginazione e numerazione delle cc. di tav. continue nei 6 fasc. 307 $aOmesse le pp. 76-77; pp. 83-84 numerate come cc. ; presenti pp. 109-112 bis e 117-120 ; ripetute le pp. 163.164; c. di tav. anche VII ?, LII-LIII bis, LVI-LVII bis, LIX ? 317 $aTimbro ovale: "R. Orto Botanico di Napoli Biblioteca Tenoreana" sul front.$5IT-NA0338: h I 20 321 1 $aPritzel$b1872$c5268$uhttps://books.google.it/books?id=_FnAgYaaY0AC&printsec=frontcover&hl=it&source=gbs_ge_summary_r&cad=0#v=snippet&q=brutelle&f=false 620 $aFrancia.$dParigi 700 1$aL'Heritier de Brutelle,$bCharles Louis$f<1746-1800>$0772537 702 1$aRedouté,$bPierre Joseph$f<1759-1840> 719 00$aPierres,$gPhilippe Denis$4650 801 0$aIT$bUNINA$gREICAT$2UNIMARC 856 4 $zVisualizza la versione elettronica in EROMM$uhttps://gallica.bnf.fr/ark:/12148/bd6t54133931/f5.item$e20250701 901 $aAQ 912 $a9910369060203321 952 $ah I 20$b206$fDBV 959 $aDBV 996 $aStirpes novæ aut minus cognitæ, quas descriptionibus et iconibus illustravit Carolus-Ludovicus L'Heritier, dom. de Brutelle ..$91577360 997 $aUNINA